[Event "DEM U16 2011"]
[Site "Oberhof GER"]
[Date "2011.06.17"]
[Round "8"]
[White "Stanau, Guido"]
[Black "Neumair, Jerome"]
[Result "1/2-1/2"]
[Termination "normal"]
[Board "11"]
[WhiteElo "1994"]
[BlackElo "2115"]
[PlyCount "47"]
[WhiteFideId "24692255"]
[BlackFideId "24672637"]
[EventCountry "GER"]
[EventRounds "9"]
[EventType "swiss"]
[EventDate "2011.06.11"]

1. e4 e6 2. d4 d5 3. Nc3 Nf6 4. e5 Nfd7 5. f4 c5 6. Nf3 Nc6 7. Be3 cxd4 8. Nxd4
Bc5 9. Qd2 O-O 10. O-O-O a6 11. h4 Nxd4 12. Bxd4 b5 13. h5 Bxd4 14. Qxd4 Qb6
15. Ne2 a5 16. h6 g6 17. Rh3 b4 18. Qxb6 Nxb6 19. Nd4 Ba6 20. Bd3 Rfc8 21. Kb1
Nd7 22. Rc1 Rc7 23. Bxa6 Rxa6 24. c3 1/2-1/2

[Event "DEM U16 2011"]
[Site "Oberhof GER"]
[Date "2011.06.17"]
[Round "8"]
[White "Muth, Matthias"]
[Black "Hocke, Sebastian"]
[Result "0-1"]
[Termination "normal"]
[Board "13"]
[WhiteElo "1908"]
[BlackElo "1684"]
[PlyCount "58"]
[WhiteFideId "1271747"]
[BlackFideId "24678724"]
[EventCountry "GER"]
[EventRounds "9"]
[EventType "swiss"]
[EventDate "2011.06.11"]

1. c4 e6 2. g3 d5 3. cxd5 exd5 4. Bg2 Nf6 5. Nc3 d4 6. Ne4 Be7 7. d3 O-O 8. Nf3
Nxe4 9. dxe4 c5 10. O-O Nc6 11. b3 Bf6 12. Rb1 Re8 13. Ba3 Qa5 14. Qc1 Rxe4 15.
Re1 Bf5 16. Nd2 Ree8 17. Nc4 Qc7 18. Ra1 d3 19. Bb2 Nd4 20. exd3 Rxe1+ 21. Qxe1
Nc2 22. Qc1 Bxb2 23. Nxb2 Nxa1 24. Qxa1 Qe5 25. Bxb7 Re8 26. Kg2 Bxd3 27. Qc1
Be4+ 28. Bxe4 Qxe4+ 29. Kh3 Re6 0-1

[Event "DEM U16 2011"]
[Site "Oberhof GER"]
[Date "2011.06.17"]
[Round "8"]
[White "Perestjuk, Marko"]
[Black "Stövesand, Eric"]
[Result "1-0"]
[Termination "normal"]
[Board "14"]
[WhiteElo "1957"]
[BlackElo "1864"]
[PlyCount "71"]
[WhiteFideId "1270254"]
[BlackFideId "24651117"]
[EventCountry "GER"]
[EventRounds "9"]
[EventType "swiss"]
[EventDate "2011.06.11"]

1. e4 e5 2. Nf3 Nc6 3. d4 exd4 4. Bc4 Be7 5. Nxd4 Ne5 6. Bb3 d6 7. O-O Nf6 8.
f4 Ng6 9. Nc3 O-O 10. h3 Bd7 11. Re1 c5 12. Nf5 Bc6 13. Bd5 Re8 14. Qd3 Bf8 15.
Bd2 Nxd5 16. Nxd5 b5 17. Rad1 Bxd5 18. Qxd5 Ne7 19. Nxe7+ Qxe7 20. f5 Rad8 21.
Bf4 Qf6 22. c3 g6 23. g4 gxf5 24. Qxf5 Qxf5 25. gxf5 f6 26. Kf2 Kf7 27. Re2 Rd7
28. Kf3 Rc8 29. Red2 Rc6 30. Rd5 Ke8 31. Bg3 Kd8 32. Bh4 Be7 33. R5d2 Rc8 34.
Rg1 Kc7 35. Rg7 Bd8 36. Rdg2 1-0

[Event "DEM U16 2011"]
[Site "Oberhof GER"]
[Date "2011.06.17"]
[Round "8"]
[White "Holle, Cedric"]
[Black "Klarner, Alexander"]
[Result "1-0"]
[Termination "normal"]
[Board "15"]
[WhiteElo "1832"]
[BlackElo "1889"]
[PlyCount "39"]
[WhiteFideId "24692158"]
[BlackFideId "1271721"]
[EventCountry "GER"]
[EventRounds "9"]
[EventType "swiss"]
[EventDate "2011.06.11"]

1. e4 c5 2. Nf3 Nc6 3. d4 cxd4 4. Nxd4 g6 5. Nc3 Bg7 6. Be3 Nf6 7. Bc4 d6 8. f3
Bd7 9. Bb3 O-O 10. Qd2 Qa5 11. O-O-O Ne5 12. Bh6 Rac8 13. Bxg7 Kxg7 14. g4 b5
15. h4 b4 16. Nd5 Nxd5 17. exd5 Nc4 18. Qf4 Qa6 19. h5 e5 20. h6+ 1-0

[Event "DEM U16 2011"]
[Site "Oberhof GER"]
[Date "2011.06.18"]
[Round "9"]
[White "Carow, Johannes"]
[Black "Mons, Leon"]
[Result "0-1"]
[Termination "normal"]
[Board "1"]
[WhiteElo "2171"]
[BlackElo "2258"]
[PlyCount "118"]
[WhiteFideId "24692050"]
[BlackFideId "4614950"]
[EventCountry "GER"]
[EventRounds "9"]
[EventType "swiss"]
[EventDate "2011.06.11"]

1. d4 Nf6 2. c4 g6 3. Nc3 Bg7 4. e4 d6 5. f3 O-O 6. Be3 a6 7. Bd3 Nbd7 8. Nge2
c6 9. O-O b5 10. b3 bxc4 11. Bxc4 Bb7 12. Qd2 d5 13. exd5 cxd5 14. Bd3 Qa5 15.
Rac1 Rfc8 16. Ne4 Qxd2 17. Nxd2 Ne8 18. a4 Nd6 19. Ng3 Nb8 20. Rxc8+ Bxc8 21.
Rc1 Bd7 22. Rc7 Kf8 23. f4 Ke8 24. Nf3 Kd8 25. Rc5 e6 26. Ne5 f6 27. Nxd7 Kxd7
28. b4 Nc6 29. b5 axb5 30. axb5 Ra3 31. bxc6+ Kc7 32. Kf2 Rxd3 33. Ra5 Kxc6 34.
Ra6+ Kc7 35. Ra7+ Nb7 36. Ra6 Kd7 37. Ra7 Rb3 38. Ne2 Bf8 39. Nc1 Rb2+ 40. Kf3
Kc7 41. Ra8 Nd8 42. Nd3 Rb3 43. Ke2 Bd6 44. g4 Ra3 45. Rxa3 Bxa3 46. Kf3 Nc6
47. h4 Bf8 48. h5 Kb6 49. hxg6 hxg6 50. f5 exf5 51. gxf5 g5 52. Kg4 Kb5 53. Ne1
Kc4 54. Nf3 Kd3 55. Bg1 Bb4 56. Kh5 Ke4 57. Kg6 Kxf3 58. Kxf6 g4 59. Ke6 Ke4
0-1

[Event "DEM U16 2011"]
[Site "Oberhof GER"]
[Date "2011.06.18"]
[Round "9"]
[White "Neef, Maximilian"]
[Black "Noe, Christopher"]
[Result "1-0"]
[Termination "normal"]
[Board "3"]
[WhiteElo "1999"]
[BlackElo "1998"]
[PlyCount "135"]
[WhiteFideId "24692085"]
[BlackFideId "24692018"]
[EventCountry "GER"]
[EventRounds "9"]
[EventType "swiss"]
[EventDate "2011.06.11"]

1. Nf3 Nf6 2. c4 g6 3. Nc3 Bg7 4. e4 c5 5. d4 cxd4 6. Nxd4 d6 7. Be2 O-O 8. O-O
Nc6 9. Be3 Bd7 10. Qd2 Rc8 11. f3 a6 12. Rfd1 Re8 13. Rac1 Nxd4 14. Bxd4 Be6
15. b3 Qa5 16. Kh1 b5 17. Nb1 Qxd2 18. Nxd2 Bh6 19. Rc2 Rc6 20. Rb2 Rb8 21.
cxb5 axb5 22. g3 Nd7 23. Kg2 Bg7 24. Bxg7 Kxg7 25. Kf2 Rc3 26. Nb1 Rc5 27. b4
Rc7 28. Na3 Ra7 29. Nxb5 Rxa2 30. Rxa2 Bxa2 31. Ra1 Be6 32. Ra7 Kf6 33. f4 Nb6
34. Nc7 Bb3 35. Ke3 Nc8 36. Ra8 Rxa8 37. Nxa8 Ke6 38. Bb5 f5 39. exf5+ gxf5 40.
Kd4 Kf6 41. Ba6 e5+ 42. Kc3 Be6 43. b5 Ne7 44. b6 Nc6 45. Nc7 Nb8 46. b7 Bd7
47. Be2 Bc6 48. Na6 Bxb7 49. Nxb8 Ke6 50. Na6 Kd5 51. Bf3+ e4 52. Nb4+ Kc5 53.
Be2 d5 54. Nc2 Bc6 55. Nd4 Bd7 56. Nb3+ Kd6 57. Kd4 Ba4 58. Nd2 Be8 59. Nf1 Ke6
60. Ne3 Bc6 61. Bd1 Bb7 62. Bb3 h5 63. Bxd5+ Bxd5 64. Nxd5 Kd6 65. Nf6 Ke6 66.
Nxh5 Kf7 67. g4 Kg6 68. Ng3 1-0

[Event "DEM U16 2011"]
[Site "Oberhof GER"]
[Date "2011.06.18"]
[Round "9"]
[White "Friedrich, Wiede"]
[Black "Göbel, Constantin"]
[Result "1/2-1/2"]
[Termination "normal"]
[Board "4"]
[WhiteElo "2193"]
[BlackElo "2148"]
[PlyCount "48"]
[WhiteFideId "24629537"]
[BlackFideId "24647071"]
[EventCountry "GER"]
[EventRounds "9"]
[EventType "swiss"]
[EventDate "2011.06.11"]

1. d4 Nf6 2. c4 e6 3. Nf3 b6 4. e3 Ba6 5. Be2 d5 6. O-O Bb7 7. Nc3 a6 8. Ne5
Nfd7 9. cxd5 exd5 10. Nd3 Bd6 11. Bf3 Nf6 12. Nxd5 Bxd5 13. Bxd5 Nxd5 14. e4
O-O 15. exd5 Qh4 16. Ne5 Qe4 17. Nc4 Qxd5 18. Nxd6 Qxd6 19. g3 Nc6 20. Bf4 Qd5
21. Qb3 Qd7 22. d5 Nd4 23. Qc4 Nf3+ 24. Kg2 Qg4 1/2-1/2

[Event "DEM U16 2011"]
[Site "Oberhof GER"]
[Date "2011.06.18"]
[Round "9"]
[White "Kaphle, Sebastian"]
[Black "Müller, Nick"]
[Result "1-0"]
[Termination "normal"]
[Board "5"]
[WhiteElo "2171"]
[BlackElo "1958"]
[PlyCount "91"]
[WhiteFideId "24626708"]
[BlackFideId "24692093"]
[EventCountry "GER"]
[EventRounds "9"]
[EventType "swiss"]
[EventDate "2011.06.11"]

1. e4 c6 2. d4 d5 3. Nd2 dxe4 4. Nxe4 Bf5 5. Ng3 Bg6 6. Nf3 Nd7 7. h4 h6 8. h5
Bh7 9. Bd3 Bxd3 10. Qxd3 e6 11. Bf4 Qa5+ 12. Bd2 Qc7 13. O-O-O O-O-O 14. Qe2
Ngf6 15. Ne5 Nxe5 16. dxe5 Nd5 17. f4 Bc5 18. Ne4 Qb6 19. Rh3 Be7 20. Rg3 Qc7
21. c4 Nb6 22. Ba5 Rxd1+ 23. Qxd1 Rd8 24. Rd3 Rxd3 25. Qxd3 Qd7 26. Kc2 Na4 27.
a3 Qxd3+ 28. Kxd3 Nc5+ 29. Nxc5 Bxc5 30. g4 Kd7 31. Ke4 Be7 32. Bd2 g6 33. Be3
gxh5 34. gxh5 a6 35. f5 Bf8 36. c5 Kc8 37. f6 Kb8 38. Kd4 Ka7 39. Kc4 a5 40.
Kb3 Ka6 41. Ka4 b6 42. cxb6 c5 43. b7 Kxb7 44. Kb5 c4 45. Kxc4 Kc6 46. a4 1-0

[Event "DEM U16 2011"]
[Site "Oberhof GER"]
[Date "2011.06.18"]
[Round "9"]
[White "Moritz, Aron"]
[Black "Möhn, Hans"]
[Result "1/2-1/2"]
[Termination "normal"]
[Board "6"]
[WhiteElo "2094"]
[BlackElo "2033"]
[PlyCount "114"]
[WhiteFideId "24672319"]
[BlackFideId "24647837"]
[EventCountry "GER"]
[EventRounds "9"]
[EventType "swiss"]
[EventDate "2011.06.11"]

1. e4 c5 2. Nf3 e6 3. d4 cxd4 4. Nxd4 a6 5. c4 Qc7 6. a3 Nf6 7. Nc3 b6 8. Bd3
Be7 9. O-O d6 10. Be3 Nbd7 11. Rc1 Bb7 12. f3 O-O 13. b4 Rac8 14. Rf2 Qb8 15.
Rfc2 Ne5 16. Na4 Nxd3 17. Qxd3 Nd7 18. Qe2 Ba8 19. Qf2 Bd8 20. Qg3 Kh8 21. Ne2
b5 22. cxb5 Rxc2 23. Rxc2 axb5 24. Nac3 e5 25. Qf2 f5 26. exf5 d5 27. f6 Bxf6
28. Ba7 Qb7 29. a4 bxa4 30. Nxa4 d4 31. Bc5 Nxc5 32. Nxc5 Qxb4 33. Nd3 Qb3 34.
Nec1 Qe6 35. Re2 Qf5 36. Qe1 Re8 37. Nc5 Bg5 38. N1d3 Be3+ 39. Kh1 Bxf3 40.
gxf3 Qxf3+ 41. Rg2 Rc8 42. Nxe5 Qf5 43. Ncd3 Rf8 44. Rg4 g5 45. h3 h5 46. Rg3
Kh7 47. Qe2 Qe4+ 48. Rg2 Kh6 49. Kh2 Bf4+ 50. Nxf4 Qxf4+ 51. Kg1 Qc1+ 52. Kh2
Qf4+ 53. Kg1 Rf5 54. Nd3 Qf3 55. Ne1 Qd5 56. Qd3 Rf4 57. Qa6+ Kg7 1/2-1/2

[Event "DEM U16 2011"]
[Site "Oberhof GER"]
[Date "2011.06.18"]
[Round "9"]
[White "Schreiner, Till"]
[Black "Hacker, Jonas"]
[Result "1-0"]
[Termination "normal"]
[Board "7"]
[WhiteElo "2159"]
[BlackElo "1765"]
[PlyCount "51"]
[WhiteFideId "24675555"]
[BlackFideId "1270968"]
[EventCountry "GER"]
[EventRounds "9"]
[EventType "swiss"]
[EventDate "2011.06.11"]

1. d4 d5 2. c4 c6 3. Nc3 dxc4 4. e3 b5 5. a4 b4 6. Ne4 Qd5 7. Ng3 Nf6 8. Nf3
Ba6 9. Qc2 b3 10. Qc3 e6 11. Ne5 h5 12. f3 h4 13. Ne2 c5 14. Nf4 Qb7 15. Bxc4
Bxc4 16. Qxc4 cxd4 17. O-O dxe3 18. Bxe3 Bd6 19. Nxf7 Qxf7 20. Qc8+ Ke7 21.
Qxh8 e5 22. Nd3 Qg6 23. Rad1 Nbd7 24. Qxa8 e4 25. Nf4 Bxf4 26. Bxf4 1-0

[Event "DEM U16 2011"]
[Site "Oberhof GER"]
[Date "2011.06.18"]
[Round "9"]
[White "Miller, Eduard"]
[Black "Müller, Alexander"]
[Result "0-1"]
[Termination "normal"]
[Board "9"]
[WhiteElo "2118"]
[BlackElo "1908"]
[PlyCount "52"]
[WhiteFideId "24687022"]
[BlackFideId "4624696"]
[EventCountry "GER"]
[EventRounds "9"]
[EventType "swiss"]
[EventDate "2011.06.11"]

1. d4 Nf6 2. c4 e6 3. Nc3 Bb4 4. e3 O-O 5. Nge2 b6 6. a3 Bxc3+ 7. Nxc3 Bb7 8.
b4 Qe7 9. Bb2 d6 10. d5 c6 11. Qd4 exd5 12. cxd5 cxd5 13. Be2 Kh8 14. b5 Nbd7
15. O-O Nc5 16. Rad1 Ne6 17. Qb4 d4 18. exd4 Nf4 19. Rfe1 Nxg2 20. Bf3 Nxe1 21.
Bxb7 Qxb7 22. Rxe1 Rfe8 23. Rd1 Qf3 24. d5 Re5 25. Qd4 Rg5+ 26. Kf1 Re8 0-1

[Event "DEM U16 2011"]
[Site "Oberhof GER"]
[Date "2011.06.18"]
[Round "9"]
[White "Neumair, Jerome"]
[Black "Powierski, Emil"]
[Result "1/2-1/2"]
[Termination "normal"]
[Board "10"]
[WhiteElo "2115"]
[BlackElo "2000"]
[PlyCount "49"]
[WhiteFideId "24672637"]
[BlackFideId "4656199"]
[EventCountry "GER"]
[EventRounds "9"]
[EventType "swiss"]
[EventDate "2011.06.11"]

1. d4 Nf6 2. c4 c5 3. d5 b5 4. cxb5 a6 5. bxa6 g6 6. Nc3 Bxa6 7. g3 d6 8. Bg2
Bg7 9. Nf3 Nfd7 10. O-O Nb6 11. Re1 N8d7 12. e4 O-O 13. Qc2 Nc4 14. Bf4 Qa5 15.
Rac1 Rfb8 16. b3 Nce5 17. Nxe5 Nxe5 18. Red1 c4 19. Bxe5 Bxe5 20. Ne2 cxb3 21.
axb3 Bxe2 22. Qxe2 Rxb3 23. Rc2 Rab8 24. h4 Qb5 25. Qxb5 1/2-1/2

[Event "DEM U16 2011"]
[Site "Oberhof GER"]
[Date "2011.06.18"]
[Round "9"]
[White "Tran, Duc Cuong"]
[Black "Hocke, Sebastian"]
[Result "1-0"]
[Termination "normal"]
[Board "11"]
[WhiteElo "1986"]
[BlackElo "1684"]
[PlyCount "53"]
[WhiteFideId "24689718"]
[BlackFideId "24678724"]
[EventCountry "GER"]
[EventRounds "9"]
[EventType "swiss"]
[EventDate "2011.06.11"]

1. d4 d5 2. c4 e6 3. Nc3 Nf6 4. cxd5 exd5 5. Bg5 Nbd7 6. e3 c6 7. Bd3 Be7 8.
Qc2 O-O 9. Nf3 Re8 10. O-O Nf8 11. h3 Ng6 12. Bxf6 Bxf6 13. b4 Be7 14. Rab1 Bd6
15. Bf5 Qf6 16. Bxc8 Raxc8 17. Rfc1 Nh4 18. Nxh4 Qxh4 19. Qf5 Rc7 20. b5 Re6
21. bxc6 Rf6 22. cxb7 Rxb7 23. Qc8+ Bf8 24. Qxb7 Qxf2+ 25. Kh1 h6 26. Qxd5 Bd6
27. Ne4 1-0

[Event "DEM U16 2011"]
[Site "Oberhof GER"]
[Date "2011.06.18"]
[Round "9"]
[White "Titgemeyer, Sven"]
[Black "Perestjuk, Marko"]
[Result "0-1"]
[Termination "normal"]
[Board "12"]
[WhiteElo "2028"]
[BlackElo "1957"]
[PlyCount "50"]
[WhiteFideId "24676934"]
[BlackFideId "1270254"]
[EventCountry "GER"]
[EventRounds "9"]
[EventType "swiss"]
[EventDate "2011.06.11"]

1. e4 c5 2. Nf3 d6 3. d4 cxd4 4. Nxd4 Nf6 5. Nc3 g6 6. Be3 Bg7 7. f3 O-O 8. Qd2
Nc6 9. g4 Nxd4 10. Bxd4 Be6 11. O-O-O Qa5 12. a3 Rfc8 13. h4 Rab8 14. h5 b5 15.
hxg6 hxg6 16. g5 b4 17. Nd5 Nxd5 18. Qh2 f6 19. exd5 Bf5 20. Bd3 bxa3 21. bxa3
Qxa3+ 22. Kd2 Bxd3 23. cxd3 Rc2+ 24. Kxc2 Qa2+ 25. Kc1 Rb1# 0-1

[Event "DEM U16 2011"]
[Site "Oberhof GER"]
[Date "2011.06.18"]
[Round "9"]
[White "Muth, Matthias"]
[Black "Kügel, Tobias"]
[Result "1/2-1/2"]
[Termination "normal"]
[Board "13"]
[WhiteElo "1908"]
[BlackElo "2024"]
[PlyCount "109"]
[WhiteFideId "1271747"]
[BlackFideId "4636295"]
[EventCountry "GER"]
[EventRounds "9"]
[EventType "swiss"]
[EventDate "2011.06.11"]

1. c4 e5 2. g3 c5 3. Bg2 Nc6 4. Nc3 g6 5. d3 Bg7 6. Nf3 Nge7 7. O-O d6 8. Rb1
O-O 9. a3 a5 10. Ne1 Be6 11. Nc2 d5 12. cxd5 Nxd5 13. Ne3 Nde7 14. Ne4 b6 15.
Bd2 h6 16. Bc3 f5 17. Nd2 f4 18. Nc2 Nd5 19. Ne4 Rc8 20. Bd2 Nd4 21. Nxd4 exd4
22. b4 cxb4 23. axb4 Nc3 24. Bxc3 dxc3 25. Qc2 a4 26. Qxa4 c2 27. Rbc1 Qc7 28.
Nc5 bxc5 29. Rxc2 Qb6 30. bxc5 Rxc5 31. Rxc5 Qxc5 32. gxf4 Qd6 33. e3 Qxd3 34.
Qc6 Bf5 35. Qd5+ Kh7 36. Qxd3 Bxd3 37. Rd1 Be2 38. Rd2 Bg4 39. h3 Be6 40. Rd6
Rf6 41. h4 Bg4 42. Rd5 Ra6 43. Be4 Re6 44. f3 Bf5 45. Rxf5 Rxe4 46. fxe4 gxf5
47. exf5 Bc3 48. h5 Kg7 49. Kf2 Kf6 50. e4 Bb2 51. Kf3 Bc1 52. Kg4 Bb2 53. Kg3
Bc1 54. Kf3 Bd2 55. Kg4 1/2-1/2

[Event "DEM U16 2011"]
[Site "Oberhof GER"]
[Date "2011.06.18"]
[Round "9"]
[White "Stövesand, Eric"]
[Black "Holle, Cedric"]
[Result "1-0"]
[Termination "normal"]
[Board "14"]
[WhiteElo "1864"]
[BlackElo "1832"]
[PlyCount "45"]
[WhiteFideId "24651117"]
[BlackFideId "24692158"]
[EventCountry "GER"]
[EventRounds "9"]
[EventType "swiss"]
[EventDate "2011.06.11"]

1. e4 e6 2. d4 d5 3. Nc3 Nf6 4. Bg5 Be7 5. Bxf6 Bxf6 6. Nf3 O-O 7. Qd2 b6 8.
O-O-O Ba6 9. Bxa6 Nxa6 10. h4 h6 11. g4 Be7 12. exd5 exd5 13. g5 h5 14. Ne5 Bd6
15. Qe2 Nb8 16. Qxh5 c6 17. f4 b5 18. f5 Bxe5 19. dxe5 Qb6 20. Qe2 Nd7 21. e6
fxe6 22. Qxe6+ Kh8 23. Qxd7 1-0

[Event "DEM U16 2011"]
[Site "Oberhof GER"]
[Date "2011.06.18"]
[Round "9"]
[White "Klarner, Alexander"]
[Black "Stanau, Guido"]
[Result "0-1"]
[Termination "normal"]
[Board "15"]
[WhiteElo "1889"]
[BlackElo "1994"]
[PlyCount "160"]
[WhiteFideId "1271721"]
[BlackFideId "24692255"]
[EventCountry "GER"]
[EventRounds "9"]
[EventType "swiss"]
[EventDate "2011.06.11"]

1. e4 e6 2. d4 d5 3. Nc3 Bb4 4. e5 c5 5. Bd2 Bxc3 6. Bxc3 cxd4 7. Bxd4 Nc6 8.
c3 Nge7 9. f4 Nxd4 10. cxd4 Nf5 11. Nf3 O-O 12. Bd3 Nh4 13. O-O f5 14. Rc1 Bd7
15. Nxh4 Qxh4 16. Qe1 Qe7 17. Qa5 b6 18. Qd2 a5 19. Rc7 Rfc8 20. Rfc1 Rxc7 21.
Rxc7 Qd8 22. Qc3 Rc8 23. Rxc8 Qxc8 24. Qxc8+ Bxc8 25. Kf2 Bd7 26. h4 Be8 27.
Be2 Kf7 28. g3 g6 29. b3 Ke7 30. a3 Kd8 31. b4 Ba4 32. b5 Bb3 33. Ke3 Bc2 34.
Kd2 Be4 35. Ke3 Ke7 36. h5 gxh5 37. Bxh5 Bg2 38. Be2 Bh3 39. Bd3 Kf7 40. Be2
Kg6 41. Bd3 Kh5 42. Kf2 Bg4 43. Bf1 Bd1 44. Ke1 Bf3 45. Bh3 Be4 46. Ke2 Bc2 47.
Kf2 Bd3 48. Kf3 Bxb5 49. g4+ Kg6 50. gxf5+ exf5 51. Ke3 Bd7 52. Bg2 Be6 53. Bf1
Kh5 54. Kf3 Kh4 55. Bb5 Kh3 56. Be8 Kh2 57. Kf2 Kh3 58. Kf3 Kh4 59. Bc6 Kh5 60.
Be8+ Kh6 61. Ke3 Kg7 62. Kd3 Kf8 63. Bh5 b5 64. Kc3 Ke7 65. Be2 Bd7 66. Bf1 h5
67. Kb3 h4 68. Bg2 Kf7 69. Kc3 Ke6 70. Kb3 Bc6 71. Bh3 Be8 72. Kc3 Bh5 73. Bf1
Bf3 74. Kb3 Ke7 75. Kc3 Kd8 76. Kb3 Kc7 77. Kc3 Kc6 78. Kb3 Bg4 79. Bg2 h3 80.
Bh1 Be2 0-1

[Event "DEM U14 2011"]
[Site "Oberhof GER"]
[Date "2011.06.12"]
[Round "1"]
[White "Lampert, Jonas"]
[Black "Ott, Florian"]
[Result "1-0"]
[Termination "normal"]
[Board "1"]
[WhiteElo "2165"]
[BlackElo "1863"]
[PlyCount "39"]
[WhiteFideId "1303759"]
[BlackFideId "12900281"]
[EventCountry "GER"]
[EventRounds "9"]
[EventType "swiss"]
[EventDate "2011.06.11"]

1. e4 c5 2. Nf3 d6 3. d4 cxd4 4. Nxd4 Nf6 5. Nc3 a6 6. Bg5 e6 7. f4 Be7 8. Qf3
Qc7 9. O-O-O Nbd7 10. g4 b5 11. Bxf6 Bxf6 12. Bxb5 Rb8 13. Bxd7+ Bxd7 14. Nb3
Ke7 15. e5 dxe5 16. g5 Bc6 17. Ne4 exf4 18. gxf6+ gxf6 19. Qc3 Rhc8 20. Qc5+
1-0

[Event "DEM U14 2011"]
[Site "Oberhof GER"]
[Date "2011.06.12"]
[Round "1"]
[White "Krause, Benedict"]
[Black "Schröder, Jan-Christian"]
[Result "1/2-1/2"]
[Termination "normal"]
[Board "2"]
[WhiteElo "1824"]
[BlackElo "2151"]
[PlyCount "104"]
[WhiteFideId "12917990"]
[BlackFideId "24662259"]
[EventCountry "GER"]
[EventRounds "9"]
[EventType "swiss"]
[EventDate "2011.06.11"]

1. e4 e5 2. Nf3 Nc6 3. d4 exd4 4. Nxd4 Bb4+ 5. c3 Bc5 6. Be3 Bb6 7. Bc4 Nge7 8.
O-O O-O 9. Nxc6 bxc6 10. Bxb6 axb6 11. Na3 d5 12. Bd3 Ng6 13. exd5 cxd5 14. Qh5
Ba6 15. Bxa6 Rxa6 16. Rfd1 c6 17. Nc2 Qf6 18. Nd4 Re8 19. a3 Ra7 20. Qf5 Qxf5
21. Nxf5 Re5 22. Nd4 Rc7 23. Re1 f6 24. Nf3 Rxe1+ 25. Rxe1 Kf7 26. g3 c5 27.
Kf1 Ne7 28. Ke2 Nf5 29. Kd3 b5 30. h4 Nd6 31. Nd2 h6 32. g4 Ra7 33. f3 Ra4 34.
b4 Nc4 35. bxc5 Ne5+ 36. Kc2 Rxa3 37. Kb2 Ra4 38. Re3 g5 39. hxg5 hxg5 40. Kb3
d4 41. cxd4 Rxd4 42. Ne4 Ke6 43. Nc3 Rc4 44. Ne4 Rd4 45. Nc3 Rf4 46. Nxb5 Kd5
47. Nc3+ Kxc5 48. Kc2 Nxf3 49. Re4 Nd4+ 50. Kd3 Rf3+ 51. Re3 Rf4 52. Re4 Rf3+
1/2-1/2

[Event "DEM U14 2011"]
[Site "Oberhof GER"]
[Date "2011.06.12"]
[Round "1"]
[White "Tennert, Simon"]
[Black "Xiong, Ferdinand"]
[Result "1-0"]
[Termination "normal"]
[Board "3"]
[WhiteElo "2061"]
[BlackElo "1926"]
[PlyCount "119"]
[WhiteFideId "1270445"]
[BlackFideId "24654132"]
[EventCountry "GER"]
[EventRounds "9"]
[EventType "swiss"]
[EventDate "2011.06.11"]

1. Nf3 Nf6 2. g3 g6 3. Bg2 Bg7 4. O-O O-O 5. d3 c5 6. e4 Nc6 7. c3 d5 8. exd5
Nxd5 9. Nbd2 Nxc3 10. bxc3 Bxc3 11. Rb1 Qxd3 12. Bb2 Nd4 13. Nxd4 cxd4 14. Ne4
Qxd1 15. Rfxd1 Bg4 16. f3 Bf5 17. Bxc3 dxc3 18. Rbc1 b5 19. Nxc3 Be6 20. a3 Bb3
21. Rd7 Rfc8 22. Rxe7 a5 23. f4 Rab8 24. Ree1 b4 25. axb4 axb4 26. Nd5 Rc2 27.
Rxc2 Bxc2 28. Be4 b3 29. Nc3 Re8 30. Kf2 Rc8 31. Bxc2 bxc2 32. Ne2 Rc5 33. Rc1
h5 34. Nd4 h4 35. Rxc2 hxg3+ 36. hxg3 Ra5 37. Rc3 Ra4 38. Rd3 Kg7 39. Kf3 Ra1
40. Nc6 Rf1+ 41. Kg2 Re1 42. Rd7 g5 43. Ne5 gxf4 44. gxf4 Kg8 45. Nxf7 Re6 46.
Ne5 Rg6+ 47. Kf3 Rg1 48. Ke4 Ra1 49. Kf5 Ra4 50. Kg5 Ra5 51. Kf5 Ra4 52. Ng4
Kf8 53. Kg5 Kg8 54. Nf6+ Kf8 55. Ng4 Ke8 56. Rb7 Kf8 57. f5 Ra6 58. f6 Ra8 59.
Kg6 Kg8 60. Rh7 1-0

[Event "DEM U14 2011"]
[Site "Oberhof GER"]
[Date "2011.06.12"]
[Round "1"]
[White "Zimmermann, Christian"]
[Black "Yankelevich, Lev"]
[Result "0-1"]
[Termination "normal"]
[Board "4"]
[WhiteElo "1848"]
[BlackElo "2032"]
[PlyCount "120"]
[WhiteFideId "24692069"]
[BlackFideId "24684074"]
[EventCountry "GER"]
[EventRounds "9"]
[EventType "swiss"]
[EventDate "2011.06.11"]

1. e4 Nf6 2. e5 Nd5 3. c4 Nb6 4. d4 d6 5. exd6 exd6 6. Nc3 Be7 7. h3 Nc6 8. Nf3
Bf5 9. Be2 O-O 10. O-O Bf6 11. Be3 d5 12. c5 Nc4 13. Bc1 Nb4 14. b3 Na5 15. Bf4
Nac6 16. Rc1 a5 17. Qd2 Be4 18. Nb5 Na6 19. Nh2 h6 20. Ng4 Bg5 21. Bxg5 Qxg5
22. Qxg5 hxg5 23. Ne3 Ncb4 24. Nc3 c6 25. Rfd1 Nc7 26. a3 Nba6 27. Na4 Ne6 28.
Nb6 Rad8 29. g3 f5 30. f3 f4 31. fxe4 fxe3 32. exd5 cxd5 33. Rc3 Nac7 34. Rxe3
Rfe8 35. Bg4 Nf8 36. Rde1 Rxe3 37. Rxe3 Nb5 38. Rd3 Nxa3 39. Bc8 Nc2 40. Bxb7
Nb4 41. Re3 Kf7 42. Re5 Ne6 43. Nxd5 Nxd4 44. Kg2 Nd3 45. c6 Nxe5 46. c7 Rh8
47. Nb6 Nec6 48. c8=Q Rxc8 49. Nxc8 Nb4 50. Nd6+ Kg6 51. Be4+ Kf6 52. Bb1 Nxb3
53. Ne4+ Ke5 54. Nxg5 a4 55. Ne4 Nd5 56. Kf3 Kd4 57. Bc2 Kc4 58. Kf2 a3 59. Bb1
Nc3 60. Nd6+ Kb4 0-1

[Event "DEM U14 2011"]
[Site "Oberhof GER"]
[Date "2011.06.12"]
[Round "1"]
[White "Kvetny, Mark"]
[Black "Richter, Leonard"]
[Result "1-0"]
[Termination "normal"]
[Board "5"]
[WhiteElo "2071"]
[BlackElo "1856"]
[PlyCount "65"]
[WhiteFideId "24603929"]
[BlackFideId "12900290"]
[EventCountry "GER"]
[EventRounds "9"]
[EventType "swiss"]
[EventDate "2011.06.11"]

1. d4 d5 2. c4 dxc4 3. Nf3 Nf6 4. e3 e6 5. Bxc4 c5 6. O-O a6 7. Bb3 Qc7 8. Nc3
b5 9. a3 Bb7 10. h3 Nbd7 11. Qe2 h5 12. e4 b4 13. e5 Ng4 14. Ne4 cxd4 15. hxg4
hxg4 16. Ne1 Qxe5 17. Ng3 Qf6 18. Qxg4 Be7 19. Nd3 Rh4 20. Qe2 e5 21. f4 Qg6
22. fxe5 Qxg3 23. Bxf7+ Kd8 24. Bf4 Qg4 25. Qxg4 Rxg4 26. g3 g5 27. Be6 gxf4
28. Bxg4 fxg3 29. axb4 Bg5 30. Bf3 Kc7 31. Bxb7 Kxb7 32. Rf7 Kc6 33. b5+ 1-0

[Event "DEM U14 2011"]
[Site "Oberhof GER"]
[Date "2011.06.12"]
[Round "1"]
[White "Glatzel, Jonas"]
[Black "Grigorian, Spartak"]
[Result "1/2-1/2"]
[Termination "normal"]
[Board "6"]
[WhiteElo "1863"]
[BlackElo "1971"]
[PlyCount "49"]
[WhiteFideId "12937800"]
[BlackFideId "24661490"]
[EventCountry "GER"]
[EventRounds "9"]
[EventType "swiss"]
[EventDate "2011.06.11"]

1. e4 c5 2. c3 d5 3. exd5 Qxd5 4. d4 Nc6 5. Nf3 Bg4 6. dxc5 Qxd1+ 7. Kxd1 e5 8.
b4 a5 9. Bd2 axb4 10. cxb4 O-O-O 11. Kc1 e4 12. Ng5 e3 13. fxe3 Ne5 14. Bc3 Be7
15. Nf3 Nxf3 16. gxf3 Bxf3 17. Bh3+ f5 18. Rf1 Be4 19. Bxg7 Bf6 20. Bxf6 Nxf6
21. Nc3 Bd3 22. Bxf5+ Bxf5 23. Rxf5 Ng4 24. h3 Nxe3 25. Rf7 1/2-1/2